| 000 | 00558nam a2200205 i 4500 | ||
|---|---|---|---|
| 001 | 146659 | ||
| 003 | ES-MaACL | ||
| 005 | 20250822095129.0 | ||
| 007 | t| | ||
| 008 | 070913s1969 sp ||||1| spa d | ||
| 080 | _a8-7(082.2) | ||
| 080 | _a8-7.09(04) | ||
| 245 | 0 | 0 |
_a3000 Años de humor / _cD. Pastor Petit. |
| 260 |
_a[Barcelona : _bMartínez Roca], _c1969. |
||
| 300 |
_a416 p. : _bil. ; _c23 cm. |
||
| 650 | 1 | 7 |
_aHumorismo _2embne _913509 |
| 700 | 1 |
_aPastor Petit, D. _989518 |
|
| 852 |
_aES-MaACL _jC-37919 _bR.71940 |
||
| 999 |
_c146659 _d146659 |
||